000
00322nam a2200133Ia 4500
008
190723s9999 xx 000 0 und d
020
_a
978-0-7641-7905-1
100
_a
Pamela J. Sharpe
245
0
_a
How To Prepare For Toefl IBT
250
_a
12th
260
_a
New York
_b
Barron's
_c
2007
300
_a
812:p
942
_c
BK
999
_c
2017
_d
2017